LEADER 00990nam a2200265 u 4500 001 000000046569 003 CaOOAMICUS 005 20070226114804.0 008 990714s1975 it u000 u ita u 035 $a10829730 040 $aPUL(R)$bita 100 1 $aSardi, Paolo.$0(OLS)http://pul/name/33900 245 12$aL'aborto ieri e oggi /$cPaolo Sardi. 260 $aBrescia :$bPaideia,$cc1975. 300 $a389 p. ;$c26 cm 490 1 $aBiblioteca di cultura religiosa ;$v26 504 $aBibliografia in nota. 650 4$aAborto.$0(OLS)http://pul/subject/6488 830 0$aBiblioteca di cultura religiosa (Paideia) ;$v26.$0(OLS)http://pul/title/98 850 $aPUL 852 $aPUL$W1$xSL Religione 1$y3$m39 B 51$j62390$nBK-PRI$b $qStampati$B62390$CPULBib$Z2$F62390 $H $81 941 1 $a8 961 $aINV: 42379 996 $6245$aL'aborto ieri e oggi$9(OLS)http://pul/title/62704 996 $6260$aBrescia :$bPaideia$9(OLS)http://pul/publisher/47884 LEADER 01235nam a2200289 u 4500 001 000000066189 003 CaOOAMICUS 005 20070226121540.0 008 020108s1974 fr u000 u fre u 035 $a10915611 040 $aPUL$bita 100 1 $aKannengiesser, Charles,$b1926-2018.$0(OLS)http://pul/name/6252 245 10$aFoi en la résurrection, résurrection de la foi /$cCharles Kannengiesser. 260 $aParis :$bBeauchesne,$cc1974. 300 $a155 p. ;$c23 cm 490 1 $aLe point théologique ;$v9 504 $aBibliografia in nota. 650 4$aResurrezione.$0(OLS)http://pul/subject/733 830 3$aLe point théologique ;$v9.$0(OLS)http://pul/title/10197 850 $aPUL 852 $aPUL$W1$xSL Religione 2$y84$mTheol A14 9$j85566$nBK-PRI$b $qStampati altre collocazioni$B85566$CPULBib$Z2$F85566 $H $81 852 $aPUL$W1$xDP1 Fondo Bordoni$y120$m3 F 93$j166694$qFondi$B175789$CPULBib$Z2$F175789 $HBor346 $81 941 1 $a1 941 1 $a10 961 $aINV: 86412 996 $6245$aFoi en la résurrection, résurrection de la foi$9(OLS)http://pul/title/87928 996 $6260$aParis :$bBeauchesne$9(OLS)http://pul/publisher/48115